00936nam a2200229Ia 4500003000400000005001700004008004100021020001500062040002100077041000800098082002500106100003600131245004700167250002200214260004800236300002900284490003300313505021500346650005400561650004400615650004700659OSt20200408011946.0191128s1994 ck gr 000 0 spa d a025202088X aCO-JMCRcCO-JMCR0 aspa04a323.042 /bM173p2211 aMathews, Forrest David, eautor10aPolítica para la gente / cDavid Mathews aPrimera edición aMedellín : bKettering Foundation, c1994 a288 páginas ; c24 cm.0 aBiblioteca Jurídica Diké0 aLa política desde la perspectiva de la gente -- La política desde la perspectiva de los políticos -- Una historia olvidada -- Política bajo otro nombre -- Qué es la política y a quién le pertenece14aPolítica y gobierno y1945-1989zEstados Unidos14aParticipación social zEstados Unidos14aParticipación políticazEstados Unidos